| 000 | 00415nam a2200157Ia 4500 | ||
|---|---|---|---|
| 008 | 230711s9999||||xx |||||||||||||| ||und|| | ||
| 041 | _aENG | ||
| 082 |
_a629.2 _bHE-A |
||
| 100 | _aHeitner,Joseph | ||
| 245 | 0 | _aAutomotive mechanics : principles | |
| 250 | _a2nd . Ed. | ||
| 260 |
_c2006 _aNew Delhi _bAffiliated East-West Press Private Limited |
||
| 300 | _a608 | ||
| 650 | _aMechanical Engineering | ||
| 942 | _cBK | ||
| 999 |
_c4668 _d4668 |
||